LIBRARY & INFORMATION CENTRE, KCAET, TAVANUR

ONLINE PUBLIC ACCESS CATALOGUE (OPAC)

Food engineering systems:utilities vol.ll / (Record no. 2675)

MARC details
000 -LEADER
fixed length control field 00369cam a2200145ua 4500
020 ## - INTERNATIONAL STANDARD BOOK NUMBER
ISBN 0 87055 297 xsc
041 ## - LANGUAGE CODE
Language code of text/sound track or separate title eng
082 ## - DEWEY DECIMAL CLASSIFICATION NUMBER
Classification number 664
Item number FAR/FO
100 ## - MAIN ENTRY--AUTHOR NAME
Personal name Farrall, Arthur W .
245 ## - TITLE STATEMENT
Title Food engineering systems:utilities vol.ll /
250 ## - EDITION STATEMENT
Edition statement 1 /
260 ## - PUBLICATION, DISTRIBUTION, ETC. (IMPRINT)
Place of publication Connecticut :
Name of publisher AVI publishing company ,
Year of publication 1979.
300 ## - PHYSICAL DESCRIPTION
Number of Pages 450 ; .
942 ## - ADDED ENTRY ELEMENTS (KOHA)
Koha item type Books
Holdings
Withdrawn status Lost status Damaged status Home library Current library Date acquired Full call number Accession Number Koha item type
      KAUAET KAUAET 02/09/1986 664 15646 Books
      KAUAET KAUAET 31/03/1987 664 16340 Books
free website counter